<?xml version="1.0" encoding="UTF-8"?>
<record
    xmlns:xsi="http://www.w3.org/2001/XMLSchema-instance"
    xsi:schemaLocation="http://www.loc.gov/MARC21/slim http://www.loc.gov/standards/marcxml/schema/MARC21slim.xsd"
    xmlns="http://www.loc.gov/MARC21/slim">

  <leader>00502    a2200169   4500</leader>
  <controlfield tag="003">OSt</controlfield>
  <controlfield tag="005">20231028143206.0</controlfield>
  <controlfield tag="008">231028b        |||||||| |||| 00| 0 eng d</controlfield>
  <datafield tag="020" ind1=" " ind2=" ">
    <subfield code="a">9788126452323</subfield>
  </datafield>
  <datafield tag="040" ind1=" " ind2=" ">
    <subfield code="c">oclc</subfield>
  </datafield>
  <datafield tag="082" ind1=" " ind2=" ">
    <subfield code="a">894.8123</subfield>
    <subfield code="b">RAM/S</subfield>
  </datafield>
  <datafield tag="100" ind1=" " ind2=" ">
    <subfield code="a">Ramakrishnan, T D</subfield>
    <subfield code="9">7031</subfield>
  </datafield>
  <datafield tag="245" ind1=" " ind2=" ">
    <subfield code="a"> SUGANDHI ENNA ANDAL DEVANAYAKI /</subfield>
    <subfield code="c">T D Ramakrishnan</subfield>
  </datafield>
  <datafield tag="260" ind1=" " ind2=" ">
    <subfield code="a">Kottayam:</subfield>
    <subfield code="b">D C Books,</subfield>
    <subfield code="c">2023.</subfield>
  </datafield>
  <datafield tag="300" ind1=" " ind2=" ">
    <subfield code="a">328p</subfield>
    <subfield code="c">21 cm</subfield>
  </datafield>
  <datafield tag="942" ind1=" " ind2=" ">
    <subfield code="2">ddc</subfield>
    <subfield code="c">BK</subfield>
    <subfield code="h">894.8123</subfield>
    <subfield code="i">RAM/S</subfield>
    <subfield code="k">894.8123</subfield>
    <subfield code="m">RAM/S</subfield>
  </datafield>
  <datafield tag="952" ind1=" " ind2=" ">
    <subfield code="0">0</subfield>
    <subfield code="1">0</subfield>
    <subfield code="2">ddc</subfield>
    <subfield code="4">0</subfield>
    <subfield code="7">0</subfield>
    <subfield code="8">FIC</subfield>
    <subfield code="a">MES</subfield>
    <subfield code="b">MES</subfield>
    <subfield code="c">MAL</subfield>
    <subfield code="d">2023-10-28</subfield>
    <subfield code="l">13</subfield>
    <subfield code="m">15</subfield>
    <subfield code="o">894.8123 RAM/S</subfield>
    <subfield code="p">43006</subfield>
    <subfield code="r">2026-02-13 11:53:36</subfield>
    <subfield code="s">2026-01-28</subfield>
    <subfield code="v">399.00</subfield>
    <subfield code="w">2023-10-28</subfield>
    <subfield code="y">BK</subfield>
    <subfield code="z">GR28R2</subfield>
  </datafield>
  <datafield tag="999" ind1=" " ind2=" ">
    <subfield code="c">42896</subfield>
    <subfield code="d">42896</subfield>
  </datafield>
</record>
